| 000 | 00660nam a22002177u 4500 | ||
|---|---|---|---|
| 001 | 6423 | ||
| 003 | OSt | ||
| 005 | 20170818153059.0 | ||
| 007 | tu | ||
| 008 | 161220s1983 xxu||||| |||| 00| 0 d | ||
| 024 | 7 |
_a6423 _2RID |
|
| 024 | 7 |
_a6423 _2RSN (alt) |
|
| 040 | _cOSt | ||
| 100 | 1 | _aCollyns, Charles | |
| 245 | 0 | 0 | _aAlternatives to the Central Bank in the Developing World |
| 260 |
_aWashington, D.C. : _bInternational Monetary Fund, _c1983. |
||
| 490 |
_aIMF Occasional Paper _v20 _x0251-6365 |
||
| 710 | 2 | _aInternational Monetary Fund (IMF) | |
| 942 | _cP | ||
| 999 |
_c5991 _d5991 |
||